Quizzes
Events
Quiz Creation
Community
Videos
Private Events
Remove Ads
Sign In
Join for FREE
Feedback
Dark Mode
Quiz Categories
Sports
Geography
Music
Movies
Television
Just For Fun
Miscellaneous
History
Literature
Language
Science
Gaming
Entertainment
Religion
Holiday
For Kids
Quiz Lab
Recent
Popular Today
Quiz Kudos Today
Editor Picks
Curator Picks
Quizzes by...
Day
Popularity
Type
Ratings
Length
Year
Community
Subscriptions
Recent Discussions
Orange Saloon
Badges
Playlists
Quests
Create
Leaderboards
Showdown
Live 5
Trivia Bingo
Activity
Puzzle Library
Sporcle Events
Private Events
Virtual Trivia
Globe League
Become a Host
Pub Owners
SporcleCon
Opinionation
Our Games
Videos
Blog
Mobile Apps
Partnerships
Remove Ads and Go Orange
Feedback
Music
Pop Music
The Beatles
Song
Album
Lyrics
Bands
Singers
Artist
Clip
Rock
Rap
Classical
Billboard
Country Music
Kpop
Taylor Swift
Music
Pop Music
The Beatles
Song
Album
Lyrics
Bands
Singers
Artist
Clip
Rock
Rap
Classical
Billboard
Country Music
Kpop
Taylor Swift
Random Quiz
Search Sporcle
×
Quiz Lab
Quiz Lab
Music
Clip
Type in answers that appear in a list
Type in answers that appear in a list
Classic
Best Score? Go Orange.
Music Clip Quiz 3 Stats
Can you name the Music Clip Quiz 3?
By
die2nitelive4eva
16m
50 Questions
79 Plays
79 Plays
79 Plays
Comments
Comments
Give Quiz Kudos
Give Quiz Kudos
-
- Ratings
hide this ad
Replay
Link that replays current quiz
Next Quiz
Link to next quiz in quiz playlist
You Got
0%
They Got
Avg Score
24%
Avg Friend Score
Upgrade to see
Score Distribution
Jump to the score distribution portion of the page
Score
0/50
Timer
16:00
0
Plays Today
Time
Answer
% Correct
5:38
Sweet Dreams
78.5%
00:20
I Miss You
69.6%
1:00
Linger
69.6%
00:40
First Cut is The Deepest
62%
4:18
Feeling Good
62%
1:58
Love is All Around
57%
00:10
She Wolf
55.7%
7:25
Purple Rain
53.2%
4:00
Wuthering Heights
51.9%
1:28
Somebody's Watching Me
48.1%
00:31
Hash Pipe
46.8%
1:18
And Then He Kissed Me
45.6%
6:44
Blue Monday
45.6%
2:08
Lonely Boy
35.4%
3:49
Fashion
34.2%
1:37
Missing
32.9%
5:57
Monster
31.6%
2:50
Blow Me (One Last Kiss)
26.6%
3:00
Knock On Wood
24.1%
00:01
Reflektor
22.8%
2:18
One Day Like This
20.3%
7:53
Same Old Love
19%
7:34
Fake Plastic Trees
17.7%
1:48
Victorious
16.5%
3:39
Waiting
13.9%
Time
Answer
% Correct
6:27
Sliver
13.9%
2:29
Flaws
12.7%
3:09
Go Now
12.7%
4:38
Homecoming
12.7%
6:35
Riverboat Song
12.7%
7:14
Jenny Don't Be Hasty
12.7%
6:54
Last Night
11.4%
00:50
Stubborn Love
10.1%
3:48
Causing a Commotion
8.9%
5:20
Picking Up the Pieces
8.9%
5:28
MacArthur Park
8.9%
2:40
Up In The Air
7.6%
4:50
Love is Blindness
7.6%
5:47
Stolen Dances
7.6%
3:29
Pale Blue Eyes
6.3%
5:09
Say You Love Me
6.3%
4:08
Boyfriend
5.1%
1:09
Give It All
3.8%
4:58
Rabbit Hole
3.8%
3:19
Bathwater
2.5%
8:03
Someone Somewhere In The Summertime
2.5%
6:06
Oh Children
1.3%
6:17
Grand Piano
1.3%
7:04
Palahniuk's Laughter
1.3%
7:45
Under The Shadows
1.3%
Quiz Playlist
Details
Report
Send in Message
Add To Playlist
Classic:
Type in answers that appear in a list
Last Updated: Feb 16, 2017
Quiz Scoreboard
CHALLENGE
Sign Up to Join the Scoreboard
Show All
Scores
Hide
Comments
May contain spoilers
Recently Published
9x9 Crossword: Cartoon Network
by jackfrog10
Miscellaneous
3m
College Basketball Coaching Resumes
by pancakes188
Sports
9m
Billboard Blitz: Fleetwood Mac
by CooCooCachoo
Music
15s
More to Explore
Quiz From the Vault
Featured Blog Post
Where Did the Easter Bunny Come From?
hide this ad
You Might Also Like...
Tags
Artist Quiz
Clip Quiz
Music Clip
Today's Top Quizzes in Music
Browse Music
hide this ad
Today's Top Quizzes in Clip
Browse Clip
Top Contributed Quizzes in Music
1
Taylor Swift All Songs (2024)
2
Guess the Artist- 70s Songs
3
7-to-1: Billboard Hot 100 #1 Hits of 2010s
4
Taylor Swift Logic Puzzle
5
Sorting Albums and Songs
6
KPOP LOGIC QUIZ
7
Guess the Taylor Swift song (Mystery Song)
8
Guess The Taylor Swift Lyrics Song #1
9
Billboard Blitz: ABBA
10
Billboard Blitz: The Beatles
Explore More
Trending Topics
Marvel
NBA
Crossword
Kpop
Harry Potter
Anime
Disney
Puzzle
NFL
Pokémon
The Office
Soccer
Country
Song
WWE
hide this ad
More By:
die2nitelive4eva
Quiz
Plays
Rating
Category
Featured
Created
Guess The Actor By The Movie (300)
671
3.00
Movies
Feb 7, 2013
Total Film's 100 Sexiest Movie Stars
529
2.92
Movies
May 13, 2016
Complex 100 hottest women in music
514
4.00
Music
Mar 1, 2014
Total Film's 200 Greatest Performances
474
1.17
Movies
Jul 4, 2013
2000 in Music (Clips)
428
3.80
Music
May 22, 2016
Go to Creator's Profile
Score Distribution
Quiz Creator Spotlight
die2nitelive4eva
Follow
Send a Message
Quizzes Created
-
Created Quiz Play Count
-
More By This Creator
Popular Quizzes Today
1
Find the US States - No Outlines Minefield
2
Find the Countries of Europe - No Outlines Minefield
3
The Countries of the World
4
Find the US States
5
Risky Map Clicking: Biggest States A-Z
6
US States
7
Popular People in 1961
8
Movies - When Are They Set?
More Music Quizzes
'80s Music Videos II
Published
Trending Quizzes
Risky Map Clicking: Least Populous States A-Z
1-10 Letter G Words
Risky Map Clicking: Next State Alphabetically
Adjectives in 80s TV Shows
Risky Map Clicking: Biggest States A-Z
Recently Updated
Leaping Animals
pecheneg
Reality TV Shows (A-Z)
bhenderson79
Rickey Henderson's Hall of Fame Teammates
pecheneg
Champions League XIs: Arsenal
pecheneg
Quick Pick: Celebrities in WWE's Hall of Fame
aduchscher
A-Z Keypad Blitz II
pecheneg
Multiple Oscar Actors
pecheneg
Mystery Phrase Blitz: Oscar 'Best Actors'
pecheneg
F. Scott Fitzgerald Novels
LTH
Pick 3 Villains
ddd62291
Trending Topics
Anime
Crossword
Marvel
Harry Potter
Disney
Kpop
NBA
The Office
Puzzle
Song
Soccer
WWE
NFL
Pokémon
Country
Your Account Isn't Verified!
In order to create a playlist on Sporcle, you need to verify the email address you used during registration. Go to your
Sporcle Settings
to finish the process.
Report this User
Report this user for behavior that violates our
Community Guidelines
.
Details:
Send Report
Go to the Sporcle.com Mobile Site →
Comments